000 00936nas a2200313 4500
001 BR0300685
003 BR-BrBNA
005 20231205103554.0
007 ta
008 230509b bl.|||p| |||| 00| 00por d
040 _aBR-BrBNA
_bpor
_cBiblioteca Nacional de Agricultura
041 _a(En)
072 _aL52; L53
100 1 _aPacheco, M.R.
100 1 _aFerreira, N.
100 1 _aMelo, V.R.
100 1 _aBaraldi-Artoni, S.M.
100 1 _aOrsi, A.M.
100 1 _aMachado, M.R.F.
100 1 _aOliveira, F.S. de
245 1 _aMorphometry of megakaryocytes in the liver of New Zeland white rabbits during intrauterine and postnatal development
650 _aCOELHO
650 _aCRESCIMENTO
650 _aFÍGADO
650 _aCÉLULA
773 0 _tCiência Rural (Brazil)
_xISSN 0103-8478
_g(Nov-Dec 2002), v. 32(6) p. 1011-1017
_wBR0300685
909 _a202311
_bLúcia
_c55
_dLúcia Elande
942 _2AGRIS
_n0
_cANA
999 _c173586
_d173586